000 00691nam a2200193 i 4500
001 138702
003 ES-MaACL
005 20230906195622.0
008 070214s1960 sp |||| |aspa d
100 1 _aSantillán, Ramón.
_9103419
245 1 0 _aMemorias
_b: (1815-1856) /
_cRamón Santillán ; edición y notas, Ana María Berazaluce ; introducción Federico Suárez.
260 _aPamplona :
_bStudium Generale,
_c1960.
300 _a2 v. ;
_c25 cm.
600 1 4 _aSantillán, Ramón.
_9103419
651 4 _aEspaña-
_xHistoria-
_yS.XIX-
_vRelatos personales.
_98356
700 1 _aBerazaluce, Ana María.
_927836
700 1 _aSuárez, Federico.
_9108558
852 _aES-MaACL
_jC-18468-69
999 _c138702
_d138702